000 00523nam a22001697a 4500
005 20251108164243.0
008 250721s1963 xx 000 0 ara d
082 1 4 _a920/صاح
100 1 _aطبانة، بدوي أحمد
245 1 0 _aالصاحب بن عباد الوزير الأديب العالم /
264 1 _aالقاهرة :
_bالمؤسسة المصرية العامة،
_c1963.
300 _a381 ص
490 0 _aأعلام العرب ؛27
650 1 7 _aالتراجم
942 _2ddc
_cBK
999 _c7551
_d7551